000 00457nam a2200145Ia 4500
008 230917s9999||||xx |||||||||||||| ||und||
040 _e172095
_aMAIN
041 _aEnglish
082 _a891.437731 SK24C
100 _aसुधीन्द्र कुमार
245 0 _aचारदिवारी के पार
260 _aनयी दिल्ली
_bकादम्बरी प्रकाशन
_c1980
300 _a96 p.
942 _cHN
999 _c214131
_d214131